000 01189nam a2200313 a 4500
001 ebr10205959
003 CaPaEBR
006 m u
007 cr cn|||||||||
008 061201s2007 caua s 001 0 eng
010 _z 2006100211
020 _z9781576753880 (hardcover)
040 _aCaPaEBR
_cCaPaEBR
035 _a(OCoLC)320322684
050 1 4 _aHB99.3
_b.E37 2007eb
082 0 4 _a330.12/6
_222
100 1 _aEisler, Riane Tennenhaus.
245 1 4 _aThe real wealth of nations
_h[electronic resource] :
_bcreating a caring economics /
_cRiane Eisler.
250 _a1st ed.
260 _aSan Francisco, CA :
_bBerrett-Koehler Publishers, Inc.,
_cc2007.
300 _avii, 318 p. :
_bill.
500 _aIncludes index.
533 _aElectronic reproduction.
_bPalo Alto, Calif. :
_cebrary,
_d2013.
_nAvailable via World Wide Web.
_nAccess may be limited to ebrary affiliated libraries.
650 0 _aWelfare economics.
650 0 _aEnvironmental economics.
655 7 _aElectronic books.
_2local
710 2 _aebrary, Inc.
856 4 0 _uhttp://site.ebrary.com/lib/rucke/Doc?id=10205959
_zAn electronic book accessible through the World Wide Web; click to view
999 _c122564
_d122564